Statistics for Countries With The Most Tamils

Click here to take the quiz!

General Stats

  • This quiz has been taken 122 times
  • The average score is 11 of 15

Answer Stats

PopulationCountry% Correct
69,026,881India
100%
3,135,770Sri Lanka
98%
238,699United States
93%
101,000United Kingdom
89%
140,720Canada
87%
192,665Singapore
83%
1,800,000Malaysia
82%
125,000France
79%
73,161Australia
71%
50,000Germany
69%
40,000Indonesia
57%
250,000South Africa
54%
1,000,000Myanmar
48%
72,089Mauritius
30%
80,000Fiji
23%

Score Distribution

Percentile by Number Answered

Percent of People with Each Score

Your Score History

You have not taken this quiz